The Evolution of American electoral systems /

Bibliographic Details
Other Authors: Kleppner, Paul
Format: Book
Language:English
Published: Westport, Conn. : Greenwood Press, 1981.
Series:Contributions in American history ; no. 95.
Subjects:

MARC

Tag First Indicator Second Indicator Subfields
LEADER 00000pam a2200000 a 4500
001 in00000090862
005 20151008063802.0
008 801002s1981 ctua b 00100 engm
010 |a  80024632  
020 |a 0313213798 (lib. bdg.) 
035 |a (OCoLC)06914692 
035 |9 AAK2924AM 
040 |a DLC  |c DLC  |d m.c.  |d TXA  |d UtOrBLW 
043 |a n-us--- 
049 |a TXAM  |c [1361734] 
050 0 0 |a JK1965  |b .E96 
082 0 |a 324/.0973  |2 19 
245 0 4 |a The Evolution of American electoral systems /  |c Paul Kleppner [and others]. 
264 1 |a Westport, Conn. :  |b Greenwood Press,  |c 1981. 
300 |a xiii, 279 pages :  |b illustrations ;  |c 24 cm. 
336 |a text  |b txt  |2 rdacontent 
337 |a unmediated  |b n  |2 rdamedia 
338 |a volume  |b nc  |2 rdacarrier 
490 1 |a Contributions in American history,  |x 0084-9219 ;  |v  no. 95 
504 |a Includes bibliographical references and index. 
650 0 |a Elections  |z United States  |x History. 
650 0 |a Political parties  |z United States  |x History. 
700 1 |a Kleppner, Paul. 
830 0 |a Contributions in American history ;  |v  no. 95. 
999 |a MARS 
999 f f |s 96df3d98-a42c-3d74-b24f-ef19b2b1c300  |i 0fe273ee-c3f3-38ca-b960-e56322afb83c  |t 0 
952 f f |p ric  |a Texas A&M University  |b Rellis Campus  |c Joint Library Facility  |d Remote Storage  |t 0  |e JK1965 .E96  |h Library of Congress classification  |i unmediated -- volume  |m A14806150892 
998 f f |a JK1965 .E96  |t 0  |l Remote Storage